FIS Alpine Ski World Cup Champions Overall Men - Statistics

General Stats
  • This quiz has been taken 132 times
    8 since last reset
  • The average score is 36 of 60
Answer Stats
Years Answer % Correct
2006-07 Aksel Lund Svindal
100%
2008-09 Aksel Lund Svindal
100%
2020-21 Alexis Pinturault
100%
2011-12 Marcel Hirscher
100%
2012-13 Marcel Hirscher
100%
2013-14 Marcel Hirscher
100%
2014-15 Marcel Hirscher
100%
2015-16 Marcel Hirscher
100%
2016-17 Marcel Hirscher
100%
2017-18 Marcel Hirscher
100%
2018-19 Marcel Hirscher
100%
2021-22 Marco Odermatt
100%
2022-23 Marco Odermatt
100%
2023-24 Marco Odermatt
100%
2024-25 Marco Odermatt
100%
2025-26 Marco Odermatt
100%
1994-95 Alberto Tomba
75%
2019-20 Aleksander Aamodt Kilde
75%
1997-98 Hermann Maier
75%
1999-00 Hermann Maier
75%
2000-01 Hermann Maier
75%
2003-04 Hermann Maier
75%
2004-05 Bode Miller
63%
2007-08 Bode Miller
63%
1975-76 Ingemar Stenmark
63%
1976-77 Ingemar Stenmark
63%
1977-78 Ingemar Stenmark
63%
1993-94 Kjetil Andre Aamodt
63%
2009-10 Carlo Janka
50%
1967 Jean-Claude Killy
50%
1968 Jean-Claude Killy
50%
1996-97 Luc Alphand
50%
1984-85 Marc Girardelli
50%
1985-86 Marc Girardelli
50%
1988-89 Marc Girardelli
50%
1990-91 Marc Girardelli
50%
1992-93 Marc Girardelli
50%
1983-84 Pirmin Zurbriggen
50%
1986-87 Pirmin Zurbriggen
50%
1987-88 Pirmin Zurbriggen
50%
1989-90 Pirmin Zurbriggen
50%
1979-80 Andreas Wenzel
38%
1970-71 Gustav Thöni
38%
1971-72 Gustav Thöni
38%
1972-73 Gustav Thöni
38%
1974-75 Gustav Thöni
38%
2010-11 Ivica Kostelic
38%
1980-81 Phil Mahre
38%
1981-82 Phil Mahre
38%
1982-83 Phil Mahre
38%
2005-06 Benjamin Raich
25%
1995-96 Lasse Kjus
25%
1998-99 Lasse Kjus
25%
1991-92 Paul Accola
25%
1973-74 Piero Gros
25%
2001-02 Stephan Eberharter
25%
2002-03 Stephan Eberharter
25%
1968-69 Karl Schranz
13%
1969-70 Karl Schranz
13%
1978-79 Peter Lüscher
0%
No matching quizzes found
Score Distribution
Percent of People with Each Score
Percentile by Number Answered
Your Score History
You have not taken this quiz since the last reset